Naprieč dejinami umenia 2. časť

Bibliographic Details
Main Author: Pavlikánová, Martina, 1975- (Author)
Format: Article
Language:Slovak
PhysicalDescription:Fotogr., obr.
Subjects:

MARC

LEADER 00000nab a2200000 a 4500
001 vtls008997002
003 SK-MaSNL
005 20260304140307.0
008 250505c20062007xo mr|p|||n |000 b|slo
015 |a SNBRB2007/06 
035 |a (uuid)5f2a415c-9ea2-4cf0-b831-35ed08b3d17b 
035 |a urn:nbn:sk:snk-abc1rg 
035 |a (urnnbn)urn:nbn:sk:snk:ar-002he6 
038 |a SPK 
040 |a SNKBUCL  |b slo  |c SNKBUCL  |e AACR2 
041 0 |a slo 
044 |a xo  |c SK 
072 7 |a 72/76  |x Výtvarné umenie  |2 konspekt 
080 |a 72/76  |2 1997 
100 1 |a Pavlikánová, Martina,  |d 1975-  |4 aut  |9 71064 
245 1 0 |a Naprieč dejinami umenia  |b 2. časť  |c Martina Pavlikánová 
300 |b Fotogr., obr. 
504 |a Bibliogr. odkazy 
650 0 7 |a umenie  |2 spk  |9 1060 
650 0 7 |a staroveké umenie  |2 spk  |9 2868 
650 0 7 |a dejiny umenia  |2 spk  |9 1066 
773 0 |t Predškolská výchova  |g Roč.61, č. 5 (2006/2007), s. 14-21 
850 |a Slovenská národná knižnica 
852 |a Slovenská národná knižnica 
954 |a odborná, vedecká literatúra pôvodná (slovenská)  |2 lita 
958 |a article15 
958 |a NB  |2 spk 
958 |a OND 
958 |a EUIPO 
999 |c 2914739  |d 2916669